00313nam a2200109Ia 4500008004100000100001800041245007700059260003600136300000900172942000700181999001500188190216s9999||||xx |||||||||||||| ||und|| aMaheswari S N 0aProblems And Solutions In Management Accounting And Financial Management bCalicut University Publications a732p cBK c5245d5245